000 00745nam a2200217 a 4500
001 17967
003 CO-ViMGA
008 141112s2004 ck r 000 u spa d
020 _a9581500243
040 _aCO-ViMGA
_bspa
_cCO-ViMGA
082 0 4 _a634.41 R154m
100 1 _aRamirez Salgado, Francisco; López, Magda; Gutierrez, Albeiro
_925457
110 _aSena - Colombia ; Natural Resources Institute
_925458
245 1 0 _aManejo post - cosecha y comercialización de Guanabana
260 _aArmenia (Colombia),
_cSena,
_c1998
490 _aPaquetes de capacitación
590 _aForma de adquisición : Premio - Mincultura
650 1 4 _aGANABANA - MANEJO POST - COSECHA
_925459
650 1 4 _aGUANABANA - MERCADEO
_925460
942 _2ddc
_cBK
999 _c27362
_d27362